000 00425nam a2200157 4500
001 123477
003 ES-MaACL
007 t|
008 070214s19071912fr r ||||1| fre d
100 1 _aRaffalovich, Arthur.
_994965
245 1 3 _aLe marché financier /
_cArthur Raffalovich.
260 _aParis :
_bA. Davy,
_c1907 - 1912.
300 _av. ;
_c25 x 18 cm.
500 _aSon los v. 1, 21.
852 _aES-MaACL
_jG-14953-4
999 _c123477
_d123477